| Поле | Название | Значение |
| |
Тип записи |
a |
| |
Библиографический уровень |
m |
| 001 |
Контрольный номер |
RU/SLIB/B/208726838 |
| 005 |
Дата корректировки |
20201206204009.6 |
| 010 |
Индекс ISBN |
__ |
| a |
ISBN |
5-222-00645-x |
| d |
Цена |
32-00 |
| 101 |
Язык документа |
1_ |
| a |
Язык текста |
rus |
| c |
Язык оригинала |
eng |
| 200 |
Заглавие и сведения об ответственности |
1_ |
| a |
Заглавие |
Гитлер и я |
| f |
Первые сведения об ответственности |
О. Штрассер ; пер. с англ. И. Павленко, В. Белоножко |
| b |
Общее обозначение материала |
Текст |
| 210 |
Выходные данные |
__ |
| a |
Место издания |
Ростов н/Д |
| c |
Издательство |
Феникс |
| d |
Дата издания |
1999 |
| 215 |
Физическое описание |
__ |
| a |
Объем |
383 с., [4] л. ил. |
| 330 |
Аннотация |
__ |
| a |
Аннотация |
Воспоминания О. Штрассера - младшего брата Грегора Штрассера - видного нацистского функционера, заместителя Гитлера по партии повествуют о закулисных событиях, связанных с начальным периодом истории национал-социалистического движения в Германии в 20-х - начале 30-х годов. |
| 600 |
Персоналии |
__ |
| a |
Персоналии (Фамилия) |
Гитлер, А. |
| f |
Даты |
1889-1945 |
| g |
Полное имя |
Адольф |
| 606 |
Тематические рубрики |
__ |
| a |
Основная рубрика |
История |
| z |
Хронологическая подрубрика |
20 в. |
| y |
Географическая подрубрика |
Германия |
| 606 |
Тематические рубрики |
__ |
| a |
Основная рубрика |
Европа с 1918 г. - |
| 610 |
Ключевые слова |
__ |
| a |
Ключевые слова |
персоналии; новейшая история; национал-социализм; партии; фюреры; нацизм; диктатура; исторические деятели; государственные деятели; биографии; фашизм; воспоминания |
| 686 |
Индексы других классификаций |
__ |
| a |
Классификационный индекс |
ст63.3(4Гем)-8 |
| 700 |
Автор |
_1 |
| a |
Фамилия |
Штрассер |
| b |
Имя |
О. |
| 4 |
Код отношения |
070 |
| 702 |
Вторичная интеллектуальная ответственность |
_1 |
| a |
Фамилия |
Павленко |
| b |
Имя |
И. |
| 4 |
Код отношения |
Переводчик |
| 4 |
Код отношения |
730 |
| 702 |
Вторичная интеллектуальная ответственность |
_1 |
| a |
Фамилия |
Белоножко |
| b |
Имя |
В. |
| 4 |
Код отношения |
Переводчик |
| 4 |
Код отношения |
730 |
| 801 |
Источник записи |
_0 |
| a |
Страна |
RU |
| b |
Организация |
Муниципальное бюджетное учреждение культуры "Централизованная библиотечная система" г. Сургут (Центральная городская библиотека им. А. С. Пушкина) |
| g |
Правила каталогизации |
КиК/Маринина |
| 801 |
Источник записи |
_1 |
| a |
Страна |
RU |
| b |
Организация |
Муниципальное бюджетное учреждение культуры "Централизованная библиотечная система" г. Сургут (Центральная городская библиотека им. А. С. Пушкина) |
| g |
Правила каталогизации |
КиК/Маринина |
| 852 |
Данные о местонахождении |
__ |
| j |
Шифр хранения |
ст63.3(4Гем)-8 |
| c |
Каталожный индекс |
ст63.3(4Гем)-8 |
| i |
Авторский знак |
Ш 93 |
| 901 |
Тип документа |
__ |
| t |
Тип документа |
m |
| 903 |
Характеристики (МАРС) |
__ |
| a |
Дата передачи |
20020716 |
| 990 |
Данные о заказе (DOS) |
__ |
| j |
Количество экземпляров (DOS) |
5 |
| t |
N записи в КСУ для И/У (DOS) |
200208 |